Le Bitume : buletin mensuel du spramex et du mexphalte buletin mensuel du spramex et du mexphalte
Descripción Física:
[41] p. : ill. ; 31 cm
Otros Autores:
Société Marítime des Pétroles
Materias:
Asfalt -- Revistes
MARC
| LEADER | 00000nam a2200000Ia 4500 | ||
|---|---|---|---|
| 001 | |||
| 008 | 160829s1926 xx 000 0 cat d | ||
| 080 | |a Revistes | ||
| 100 | |a Société Marítime des Pétroles |9 50044 | ||
| 245 | |a Le Bitume : |b buletin mensuel du spramex et du mexphalte | ||
| 260 | |a París : |b Société Marítime des Pétroles, |c 1926 | ||
| 300 | |a [41] p. : |b ill. ; |c 31 cm | ||
| 590 | |a Descripció basada en Núm. 4 (1926). | ||
| 590 | |a Text en francès | ||
| 650 | |a Asfalt |x Revistes |9 50045 | ||
| 700 | |a Société Marítime des Pétroles |9 50044 | ||
| 866 | |a 1926 (4) | ||
| 901 | |a Arxiu | ||
| 942 | |n 1 | ||
| 952 | |0 0 |1 0 |4 0 |6 REVISTES |7 1 |9 55753 |a Arxiu |b Arxiu |d 2016-12-01 |l 0 |o Revistes |r 2016-12-01 00:00:00 |w 2016-12-01 |y ARXIU | ||
| 999 | |c 59626 |d 59626 | ||